Statistics for Kenya Country Quiz

Click here to take the quiz!

General Stats

  • This quiz has been taken 7,200 times
    (7,097 since last reset)
  • The average score is 15 of 20

Answer Stats

Hint Answer % Correct
Capital city of KenyaNairobi
96%
U.S. President whose father
was born in Kenya
Barack Obama
96%
European country that controlled
Kenya from 1895–1963
United Kingdom
96%
Official languagesEnglish
95%
Bordering countryTanzania
94%
Bordering countryUganda
92%
Bordering countryEthiopia
91%
Bordering countrySomalia
91%
Largest lake that is at least
partially in Kenya
Lake Victoria
89%
Bordering countrySouth Sudan
84%
Official languagesSwahili
83%
Olympic event in which Eliud Kipchoge
holds the world record
Marathon
83%
Kenya produces more of these leaves than
any country except China and India
Tea
81%
Tallest mountain
(2nd tallest in Africa)
Mount Kenya
55%
Most populous coastal cityMombasa
55%
Trench that runs through KenyaGreat {Rift}
Valley
54%
People come to Masaai Mara to see the
annual migration of these mammals
Wildebeest
52%
What killed 28–31 people building
a railroad over the Tsavo river in 1898?
Lions
50%
1952–1960 revolt against that country{Mau} {Mau}
Uprising
41%
Currency of KenyaShilling
38%

Score Distribution

Percentile by Number Answered

Percent of People with Each Score

Your Score History

You have not taken this quiz since the last reset